| 000 | 01141cam a2200337 a 4500 | ||
|---|---|---|---|
| 999 |
_c10561 _d10561 |
||
| 001 | 15800180 | ||
| 003 | GZU | ||
| 005 | 20220606160117.0 | ||
| 008 | 090701s2010 nyua b 001 0 eng | ||
| 010 | _a 2009931820 | ||
| 020 | _a9781429217880 (pbk. : alk. paper) | ||
| 020 | _a142921788X | ||
| 040 |
_aDLC _cDLC _dDLC |
||
| 042 | _apcc | ||
| 043 | _an-us--- | ||
| 050 | 0 | 0 |
_aHT1521 _b.ROT 2010 |
| 245 | 0 | 0 |
_aRace, class, and gender in the United States : _ban integrated study / _c[edited by] Paula S. Rothenberg. |
| 250 | _a8th edition. | ||
| 260 |
_aNew York : _bWorth Publishers, _cc2010. |
||
| 300 |
_axix, 721 pages. : _billustrations. ; _c24 cm. |
||
| 504 | _aIncludes bibliographical references and index. | ||
| 650 | 0 | _aRacism. | |
| 650 | 0 | _aSexism. | |
| 650 | 0 |
_aSocial classes _zUnited States. |
|
| 650 | 0 |
_aSex discrimination against women _zUnited States. |
|
| 651 | 0 |
_aUnited States _xRace relations. |
|
| 700 | 1 |
_aRothenberg, Paula S., _d1943- _eeditor |
|
| 906 |
_a7 _bcbc _corignew _d2 _eepcn _f20 _gy-gencatlg |
||
| 942 |
_2lcc _cBK _e8th edition _h1521 _iROT _kHT |
||